[Event "Tournoi échelle élite"]
[Site "www.echecsemail.com"]
[Date "2026.02.03"]
[Round "1"]
[White "Elghribi"]
[Black "Alain64"]
[WhiteElo "1920"]
[BlackElo "2100"]
[Result "0-1"]
1.e4 e6
2.d4 d5
3.e5 c5
4.c3 Nb8c6
5.Bf1b5 a6
6.Bb5xc6 bxc6
7.Ng1f3 cxd4
8.cxd4 c5
9.O-O cxd4
10.Nf3xd4 Bf8c5
11.Nb1c3 Ng8e7
12.Bc1e3 Bc5xd4
13.Be3xd4 O-O
14.f4 f5
15.Ra1c1 Ne7c6
16.Bd4c5 Rf8e8
17.Nc3e2 Qd8a5
18.a3 Bc8d7
19.Ne2d4 Nc6xd4
20.Qd1xd4 Re8c8
21.Bc5b4 Qa5d8
22.g3 Bd7b5
23.Rf1e1 Rc8c4
24.Rc1xc4 dxc4
25.Re1d1 Qd8xd4
26.Rd1xd4 Ra8c8
27.Kf2 Kf7
28.Ke3 Rc8c7
29.Bb4d6 Rc7c8
30.Kd2 h6
31.Kc3 g5
32.Kb4 gxf4
33.gxf4 Rc8g8
34.a4 Bb5e8
35.Rd4xc4 Rg8g2
36.b3 Rg2xh2
37.Rc4c7 Kg6
38.Rc7c8 Be8f7
39.Ka5 Rh2b2
40.Rc8c3 Rb2f2
41.Rc3g3 Kh7
42.Kxa6 Rf2a2
43.a5 Bf7e8
44.b4 Be8c6
45.Kb6 Bc6d5
46.a6 h5
47.Rg3g5 Bd5f3
48.b5 h4
49.Bd6f8 h3
50.Rg5g7 Kh8
51.Rg7g6 h2
52.Rg6h6 Kg8
53.Bf8c5 h1Q
54.Rh6xh1 Bf3xh1
55.Kc7 Ra2a5
56.Kb6 Ra5a4
57.Kc7 Ra4a5
58.Kb6 Ra5a2
59.a7 Ra2b2
60.Ka6 Kf7
61.b6 Ke8
62.Ka5 Kd7
{ abandon }0-1

[Event "Transval 2"]
[Site "www.echecsemail.com"]
[Date "2026.02.03"]
[Round "1"]
[White "Fouvolant"]
[Black "39wx"]
[WhiteElo "1370"]
[BlackElo "1620"]
[Result "1-0"]
1.e4 e5
2.Ng1f3 Nb8c6
3.Bf1c4 Bf8c5
4.c3 a6
5.d4 exd4
6.cxd4 Bc5a7
7.O-O d6
8.h3 Ng8f6
9.Nb1c3 O-O
10.Bc1g5 h6
11.Bg5h4 g5
12.Nf3xg5 hxg5
13.Bh4xg5 Kg7
14.Nc3d5 Ba7xd4
15.Qd1f3 Nc6e5
16.Bg5xf6 Kg8
17.Qf3g3 Kh7
18.Qg3g7 1-0

[Event "Tournoi n27438"]
[Site "www.echecsemail.com"]
[Date "2026.02.03"]
[Round "1"]
[White "Wenoketo"]
[Black "Tiounet"]
[WhiteElo "1720"]
[BlackElo "1600"]
[Result "1-0"]
1.d4 b5
2.Ng1f3 Bc8b7
3.e3 a6
4.Bf1e2 g6
5.O-O Bf8g7
6.Nb1d2 Ng8f6
7.c3 O-O
8.Ra1b1 d6
9.Nd2b3 Nb8d7
10.Nb3a5 Qd8c8
11.Na5xb7 Qc8xb7
12.h3 c5
13.dxc5 Nd7xc5
14.Nf3h2 Ra8c8
15.Be2f3 Qb7c7
16.Nh2g4 Nf6e4
17.Bf3xe4 Nc5xe4
18.Ng4h2 Rf8e8
19.Nh2f3 Qc7c4
20.Nf3d2 Ne4xd2
21.Bc1xd2 Rc8c5
22.a3 Re8c8
23.Rf1e1 Rc5d5
24.Qd1e2 Qc4e4
25.f3 Qe4d3
26.Qe2xd3 Rd5xd3
27.Re1e2 Rc8c5
28.e4 a5
29.Kf1 b4
30.cxb4 Rc5c2
31.Bd2c3 Rc2xe2
32.Kxe2 Bg7xc3
33.Kxd3 axb4
34.bxc3 { abandon }1-0

[Event "Défi"]
[Site "www.echecsemail.com"]
[Date "2026.02.03"]
[Round "1"]
[White "Aramis"]
[Black "Vvvv"]
[WhiteElo "1580"]
[BlackElo "1690"]
[Result "0-1"]
1.d4 g6
2.e4 Bf8g7
3.c3 d6
4.Ng1f3 Nb8d7
5.Bf1c4 e6
6.O-O a6
7.e5 dxe5
8.dxe5 Ng8e7
9.Bc1g5 O-O
10.Rf1e1 b5
11.Bc4d3 Bc8b7
12.Bd3e4 c6
13.Nb1d2 Ra8b8
14.Ra1b1 Nd7c5
15.Be4c2 Qd8c7
16.Bg5e3 Nc5d7
17.a3 Nd7xe5
18.Nf3xe5 Bg7xe5
19.Nd2f3 Rb8d8
20.Qd1e2 Be5f6
21.Be3c5 Rf8e8
22.Qe2e3 Ne7d5
23.Qe3d3 Nd5xc3
24.Bc5d4 Nc3xb1
25.Bc2xb1 c5
26.Qd3c3 Bf6xd4
27.Nf3xd4 Rd8xd4
28.h3 Re8d8
29.Bb1c2 Rd4c4
30.Qc3b3 Bb7d5
31.Bc2b1 Rc4c1
32.Qb3e3 Rc1xe1
33.Qe3xe1 Bd5b3
34.f3 Rd8d1
35.Qe1f1 Rd1xf1
36.Kxf1 Qc7e5
37.Bb1e4 Bb3c4
38.Kg1 Qe5xb2
39.a4 Qb2a1
40.Kh2 Qa1xa4
41.h4 Bc4d5
42.Be4xd5 exd5
{ abandon }0-1

[Event "Défi"]
[Site "www.echecsemail.com"]
[Date "2026.02.03"]
[Round "1"]
[White "Jlr"]
[Black "Castor"]
[WhiteElo "1380"]
[BlackElo "1360"]
[Result "1-0"]
1.e4 c6
2.Ng1f3 d6
3.h3 Ng8f6
4.d4 Nf6xe4
5.Bf1d3 d5
6.c4 e6
7.Nf3e5 f6
8.Ne5g4 f5
9.Ng4e5 Ne4f6
10.c5 g6
11.Bc1g5 Bf8e7
12.h4 Nf6h5
13.Nb1c3 b6
14.Qd1a4 Bc8d7
15.b4 b5
16.Qa4a5 Qd8c8
17.f3 Be7d8
18.Bg5xd8 O-O
19.Bd8g5 Kg7
20.g4 fxg4
21.Bg5e7 Rf8e8
22.Be7d6 Re8h8
23.Ne5xd7 Nb8xd7
24.fxg4 Nh5f6
25.g5 Nf6g4
26.Kd2 Nd7f6
27.Ra1f1 Nf6e8
28.Bd6e5 Ng4xe5
29.dxe5 Ne8c7
30.Rf1f6 Nc7e8
31.h5 Ne8xf6
32.h6 Kf7
33.exf6 Qc8b8
34.Qa5a6 Rh8d8
35.Rh1f1 Qb8g3
36.Qa6xc6 Ra8c8
37.Qc6b7 Ke8
38.Qb7e7 1-0

[Event "Défi"]
[Site "www.echecsemail.com"]
[Date "2026.02.03"]
[Round "1"]
[White "Jlr"]
[Black "Mokanne"]
[WhiteElo "1410"]
[BlackElo "1440"]
[Result "1-0"]
1.e4 e5
2.a3 d6
3.Nb1c3 Ng8f6
4.a4 a5
5.b3 Bc8d7
6.Bf1c4 Bd7c6
7.d3 Bc6d7
8.Ng1f3 c6
9.Nf3g5 d5
10.exd5 cxd5
11.Nc3xd5 Bd7e6
12.Nd5xf6 Qd8xf6
13.Ng5e4 Qf6e7
14.Bc4b5 Nb8c6
15.Bc1g5 f6
16.Bg5e3 Be6d5
17.Ne4c5 Qe7c7
18.Qd1h5 Bd5f7
19.Qh5e2 O-O-O
20.Qe2g4 Kb8
21.Qg4e4 Bf7d5
22.Qe4g4 Qc7b6
23.Nc5e6 Nc6d4
24.Be3xd4 Bd5xe6
25.Bd4xb6 Rd8c8
26.Qg4xe6 Bf8b4
27.Ke2 Rc8xc2
28.Ke3 Bb4d2
29.Ke4 Rc2c8
30.Qe6d6 Ka8
31.Ra1d1 Bd2b4
32.Bb5d7 Bb4xd6
33.Bd7xc8 Rh8xc8
34.Bb6xa5 Rc8c5
35.Ba5b4 Rc5c6
36.Bb4xd6 Rc6xd6
37.Rd1c1 Kb8
38.Rc1c5 Rd6d4
39.Ke3 Rd4d8
40.Ke4 Rd8d4
41.Ke3 Rd4d7
42.Rh1c1 Ka7
43.Ke4 Rd7d4
44.Kf5 Rd4xd3
45.Rc5a5 Kb8
46.b4 b6
47.Ra5b5 Rd3d6
48.a5 Kb7
49.axb6 g6
50.Ke4 Rd6d4
51.Ke3 Rd4d7
52.Rc1a1 Kc6
53.Ra1a5 Rd7b7
54.Rb5c5 Kxb6
55.Ke4 g5
56.Rc5b5 Kc7
57.Rb5c5 Kb8
58.b5 h6
59.Rc5c6 f5
60.Kxe5 f4
61.Rc6xh6 Rb7e7
62.Kf6 Re7d7
63.Kxg5 Rd7g7
64.Kxf4 Rg7xg2
65.f3 Kb7
66.h4 Rg2g7
67.Kf5 Rg7f7
68.Kg4 Rf7g7
69.Kh5 Rg7f7
70.Kg4 Rf7g7
71.Kf5 Kb8
72.Rh6b6 Kc8
73.Ra5a8 { abandon }1-0

[Event "Tournoi n27397"]
[Site "www.echecsemail.com"]
[Date "2026.02.03"]
[Round "1"]
[White "Jeff75019"]
[Black "Jlr"]
[WhiteElo "1460"]
[BlackElo "1400"]
[Result "1-0"]
1.e4 e5
2.Ng1f3 d6
3.Bf1c4 Bc8g4
4.d3 Ng8f6
5.c3 h5
6.Qd1b3 b6
7.Bc4xf7 Ke7
8.Nf3g5 Qd8d7
9.Bf7e6 Bg4xe6
10.Qb3a3 Be6f5
11.O-O Bf5h3
12.Ng5xh3 Qd7b5
13.c4 Qb5d7
14.Bc1g5 c5
15.Nb1c3 Kf7
16.Qa3b3 Bf8e7
17.Qb3d1 Nb8c6
18.Nc3d5 Nf6g4
19.Qd1f3 Ng4f6
20.Bg5xf6 gxf6
21.Nd5xf6 Qd7e6
22.Nh3g5 Kg6
23.Ng5xe6 Be7xf6
24.Qf3g3 Kf7
25.Ne6g5 Ke7
26.Ng5f3 Ra8g8
27.Qg3h3 Nc6b4
28.a4 Nb4xd3
29.b3 Nd3f4
30.Qh3f5 Rg8xg2
31.Kh1 a5
32.Nf3e1 Rg2g5
33.Ne1c2 Rg5xf5
34.exf5 e4
35.f3 exf3
36.Ra1e1 Kd7
37.Rf1xf3 Bf6g5
38.Re1g1 Bg5h6
39.Nc2e3 Nf4d3
40.Ne3d5 Nd3e5
41.Rf3f1 Kc6
42.f6 Ne5f7
43.Nd5e7 Kd7
44.Ne7d5 Kc6
45.Nd5c3 Bh6d2
46.Nc3e4 Bd2e3
47.Rg1g3 Be3f4
48.Rg3g7 Nf7h6
49.Rf1xf4 d5
50.Ne4g5 d4
51.f7 d3
52.f8Q d2
53.Qf8f6 1-0

[Event "Tournoi n27435"]
[Site "www.echecsemail.com"]
[Date "2026.02.03"]
[Round "1"]
[White "Tiounet"]
[Black "Wenoketo"]
[WhiteElo "1600"]
[BlackElo "1720"]
[Result "1-0"]
1.a3 e5
2.b4 a6
3.Bc1b2 d6
4.g3 Bc8e6
5.Bf1g2 Ng8f6
6.Bg2xb7 Ra8a7
7.Bb7g2 c5
8.e3 Bf8e7
9.Ng1e2 O-O
10.O-O Qd8d7
11.bxc5 dxc5
12.Bb2xe5 Nb8c6
13.Be5b2 Be6h3
14.Ne2f4 Bh3xg2
15.Kxg2 Nc6d8
16.d3 Nd8c6
17.Nb1d2 Rf8b8
18.Qd1c1 Ra7b7
19.Ra1b1 Nc6a7
20.Kg1 Na7c8
21.Nd2c4 Nf6e8
22.Nc4a5 Rb7b5
23.Na5b3 Rb8b6
24.Nf4h5 g6
25.Nh5f4 Be7g5
26.Nb3d2 Bg5xf4
27.exf4 Ne8d6
28.Nd2b3 Qd7b7
29.Bb2e5 a5
30.Rb1b2 a4
31.Nb3xc5 Qb7c6
32.Rb2xb5 Qc6xb5
33.d4 Nd6c4
34.Qc1a1 Nc4xe5
35.fxe5 Qb5b2
36.Qa1xb2 Rb6xb2
37.Rf1c1 Rb2a2
38.Nc5xa4 Ra2xa3
39.Na4c5 Nc8e7
40.c4 Ne7c6
41.d5 Nc6xe5
42.d6 Kf8
43.d7 Ke7
44.Rc1d1 Kd8
45.Nc5b7 { abandon }1-0

[Event "Eq:Vikings-modesty :"]
[Site "www.echecsemail.com"]
[Date "2026.02.03"]
[Round "1"]
[White "Chekenblanc"]
[Black "Viv59"]
[WhiteElo "2350"]
[BlackElo "2300"]
[Result "0-1"]
1.Ng1f3 Ng8f6
2.c4 e6
3.Nb1c3 d5
4.e3 c5
5.b3 Nb8c6
6.cxd5 exd5
7.Bc1b2 Bc8g4
8.Bf1e2 d4
9.exd4 cxd4
10.Nf3xd4 Nc6xd4
11.Be2xg4 Nf6xg4
12.Qd1xg4 Qd8e7
13.Kd1 Nd4e6
14.Ra1c1 Qe7d7
15.Nc3e4 Bf8e7
16.Rh1e1 Ra8d8
17.Rc1c2 Kf8
18.d4 h5
19.Qg4f5 Rh8h6
20.Rc2d2 Be7b4
21.Bb2c3 Bb4xc3
22.Ne4xc3 Qd7c6
23.Qf5a5 Qc6c7
24.Qa5b4 Kg8
25.d5 Ne6f8
26.Re1e7 Qc7xh2
27.Qb4xb7 Qh2xg2
28.Re7xf7 Qg2g1
29.Kc2 Qg1g6
{ abandon }0-1

[Event "Défi( 10J+24H/c 10J Max )"]
[Site "www.echecsemail.com"]
[Date "2026.02.03"]
[Round "1"]
[White "4x4"]
[Black "Daingni"]
[WhiteElo "1500"]
[BlackElo "1480"]
[Result "0-1"]
1.e4 e5
2.f4 d6
3.f5 Ng8f6
4.d3 Bc8d7
5.Bc1g5 Bf8e7
6.Nb1c3 h6
7.Bg5xf6 Be7xf6
8.Nc3d5 Bf6h4
9.g3 Bh4f6
10.Qd1d2 Nb8c6
11.O-O-O Nc6e7
12.Nd5xf6 gxf6
13.Ng1f3 Ne7g8
14.c4 Qd8e7
15.g4 O-O-O
16.Qd2a5 Kb8
17.b4 b6
18.Qa5a6 Bd7c6
19.b5 Bc6b7
20.Qa6a3 h5
21.Bf1g2 hxg4
22.Nf3g1 g3
23.h3 Rh8h5
24.Bg2f3 Rh5g5
25.Bf3g4 Qe7f8
26.Ng1f3 Rg5g7
27.Rh1g1 Rg7h7
28.Rg1xg3 Qf8h6
29.Kc2 Qh6f4
30.Rg3g1 Ng8h6
31.Rd1f1 Nh6xg4
32.hxg4 Qf4h6
33.Kc3 Rd8g8
34.g5 fxg5
35.Qa3b2 f6
36.Qb2b3 g4
37.Nf3d2 Qh6e3
38.Rf1e1 Qe3g5
39.Rg1g3 Rh7h3
40.Nd2f1 Rh3xg3
41.Nf1xg3 Rg8h8
42.a4 Rh8h3
43.Re1h1 Rh3xh1
44.Ng3xh1 Qg5e3
45.Qb3c2 Bb7xe4
46.Nh1f2 Be4xf5
47.Nf2d1 Qe3d4
48.Kb3 Qd4xd3
49.Qc2xd3 Bf5xd3
50.Kc3 e4
51.Kd4 f5
52.Kd5 g3
53.Nd1e3 f4
54.Ne3g2 f3
55.Ng2e1 f2
56.Ne1g2 f1Q
57.Ng2e3 g2
58.Ne3xf1 gxf1Q
59.Kd4 Qf1f6
60.Kd5 Qf6e5
61.Kc6 Kc8
62.a5 Qe5c5
0-1

[Event "Tournoi n27414"]
[Site "www.echecsemail.com"]
[Date "2026.02.03"]
[Round "1"]
[White "Fouvolant"]
[Black "Mokanne"]
[WhiteElo "1410"]
[BlackElo "1450"]
[Result "1-0"]
1.e4 e5
2.Ng1f3 d6
3.d4 Qd8e7
4.Nb1c3 Bc8d7
5.Nc3d5 Qe7d8
6.dxe5 c6
7.Nd5c3 Qd8c7
8.exd6 Bf8xd6
9.h3 Bd6e7
10.Bf1c4 f6
11.Bc1e3 Qc7c8
12.Qd1d2 Bd7e6
13.Bc4d3 Nb8d7
14.O-O Be7b4
15.Nf3d4 Ng8e7
16.Nd4xe6 Kf7
17.Ne6d4 Nd7e5
18.Bd3e2 Rh8d8
19.f4 Ne5g6
20.Qd2e1 c5
21.Be2c4 Ke8
22.Nd4e6 Rd8d6
23.Ne6xg7 Kf8
24.Ng7h5 Qc8c7
25.a3 Bb4a5
26.e5 Rd6d8
27.Nh5xf6 Ba5b6
28.Nf6xh7 Kg7
29.Nh7g5 Ng6f8
30.Qe1g3 Nf8g6
31.Ng5e6 { abandon }1-0

[Event "Défi"]
[Site "www.echecsemail.com"]
[Date "2026.02.03"]
[Round "1"]
[White "Mokanne"]
[Black "Castor"]
[WhiteElo "1440"]
[BlackElo "1360"]
[Result "0-1"]
1.g3 c6
2.b3 e5
3.Bf1g2 Bf8c5
4.d3 Ng8f6
5.Bc1g5 Bc5e7
6.e4 h6
7.Bg5d2 d5
8.Bd2c3 d4
9.Bc3d2 Be7c5
10.h3 O-O
11.Ng1f3 Rf8e8
12.O-O Nb8a6
13.c3 b5
14.Bd2c1 Qd8b6
15.Qd1d2 dxc3
16.Nb1xc3 Re8d8
17.Bc1b2 Na6b4
18.Nf3xe5 Bc8e6
19.Qd2e2 Bc5d4
20.Ne5f3 Bd4c5
21.Ra1d1 a5
22.d4 Bc5e7
23.Rd1d2 a4
24.bxa4 Be6xa2
25.Rf1a1 Ba2c4
26.Bb2a3 Bc4xe2
27.Rd2xe2 bxa4
28.Re2d2 c5
29.Ba3b2 c4
30.e5 Nb4d3
31.exf6 Be7xf6
32.Nc3xa4 Qb6b5
33.Nf3e1 Nd3xb2
34.Bg2xa8 Nb2xa4
35.Ba8f3 Qb5b4
36.Ra1d1 c3
37.Rd2c2 Qb4b6
38.d5 Bf6e7
39.Ne1g2 Qb6b5
40.Ng2e3 Be7c5
41.Rd1e1 Qb5d3
42.Bf3e2 Qd3g6
43.Rc2c1 Bc5b4
44.Be2c4 Rd8c8
45.Re1e2 Na4b6
46.Bc4b3 Qg6d3
47.Kf1 Nb6d7
48.Ne3c2 Bb4c5
49.Ke1 Nd7e5
50.Re2xe5 Bc5d6
51.Re5e2 Qd3b5
52.Bb3a2 Qb5b2
53.Kd1 Qb2xa2
54.Ke1 Qa2xd5
55.Nc2e3 Qd5h1
56.Ne3f1 Bd6a3
57.Rc1c2 Ba3b4
58.h4 h5
59.Re2e5 Qh1a8
60.Re5xh5 Qa8a4
61.Ke2 Qa4xc2
62.Kf3 Rc8e8
63.Nf1e3 Qc2e4
64.Ke2 c2
65.f3 Qe4xe3
66.Kf1 Qe3e1
67.Kg2 Re8e2
68.Kh3 Qe1f2
69.Kg4 Bb4e1
70.Rh5g5 Qf2xg3
71.Kh5 Qg3xh4
0-1

[Event "Défi"]
[Site "www.echecsemail.com"]
[Date "2026.02.03"]
[Round "1"]
[White "Claudius94"]
[Black "Mokanne"]
[WhiteElo "1780"]
[BlackElo "1440"]
[Result "1-0"]
1.e4 g6
2.d4 Bf8g7
3.c3 a6
4.Ng1f3 b5
5.Nb1d2 Bc8b7
6.Bf1d3 d6
7.Qd1b3 e6
8.O-O c6
9.a3 Ng8e7
10.Qb3c2 f6
11.b4 O-O
12.c4 Qd8d7
13.Bc1b2 d5
14.c5 Qd7c7
15.Nd2b3 f5
16.e5 Bg7h6
17.Bb2c1 Nb8d7
18.Bc1xh6 Rf8c8
19.Nf3g5 Nd7f8
20.Bh6xf8 Rc8xf8
21.Ng5xe6 { abandon }1-0

[Event "Tournoi n27425"]
[Site "www.echecsemail.com"]
[Date "2026.02.03"]
[Round "1"]
[White "Mokanne"]
[Black "Katastrofic"]
[WhiteElo "1450"]
[BlackElo "1350"]
[Result "1-0"]
1.e4 c5
2.Bf1c4 e6
3.d3 Bf8e7
4.Bc1d2 d6
5.Ng1f3 Ng8f6
6.O-O O-O
7.a3 a6
8.Bc4b3 b5
9.c3 Bc8b7
10.h3 h6
11.c4 bxc4
12.Bb3xc4 d5
13.exd5 exd5
14.Bc4b3 d4
15.Nf3e5 Bb7d5
16.Ne5c4 Bd5xc4
17.Bb3xc4 Nb8c6
18.Qd1f3 Nf6h7
19.Qf3xc6 Qd8d6
20.Qc6xd6 Be7xd6
21.f4 a5
22.Bd2e1 Rf8e8
23.Nb1d2 Re8e2
24.Ra1b1 Ra8e8
25.Nd2e4 Bd6c7
26.g3 Nh7f6
27.Ne4xc5 Nf6h5
28.Nc5b3 Re8e3
29.Be1f2 Nh5xg3
30.Bf2xe3 Ng3xf1
31.Kxf1 Re2xe3
32.Nb3xd4 Bc7xf4
33.Kg2 Bf4e5
34.Nd4f3 Be5f6
35.b3 Bf6e7
36.a4 Be7b4
37.Rb1d1 Re3e7
38.Kf2 g6
39.d4 Kg7
40.Nf3e5 f6
41.Ne5c6 { abandon }1-0

[Event "Eq:LechiquierDesHurlus-Les enfants de l Atlantide :"]
[Site "www.echecsemail.com"]
[Date "2026.02.03"]
[Round "1"]
[White "Gilberthellemans"]
[Black "Ohtani"]
[WhiteElo "1610"]
[BlackElo "2009"]
[Result "0-1"]
1.e4 c5
2.Bf1c4 Nb8c6
3.d3 Ng8f6
4.Bc1e3 d5
5.Bc4b5 Qd8a5
6.Nb1c3 d4
7.Bb5xc6 bxc6
8.Be3d2 dxc3
9.Bd2xc3 Qa5c7
10.h3 e5
11.Ng1f3 Bf8d6
12.O-O O-O
13.a3 Bc8e6
14.Qd1d2 h6
15.b4 c4
16.Rf1e1 cxd3
17.cxd3 Rf8e8
18.d4 exd4
19.Bc3xd4 Bd6e7
20.e5 Nf6d5
21.Bd4c5 Be7xc5
22.bxc5 Ra8d8
23.Qd2c2 Nd5f4
24.Ra1d1 Rd8xd1
25.Re1xd1 Be6d5
26.Qc2d2 Bd5xf3
27.Qd2xf4 Bf3xd1
28.Qf4c1 Qc7xe5
29.Qc1xd1 Qe5e1
30.Qd1xe1 Re8xe1
{ abandon }0-1

[Event "Défi"]
[Site "www.echecsemail.com"]
[Date "2026.02.03"]
[Round "1"]
[White "Noos"]
[Black "Gilberthellemans"]
[WhiteElo "1580"]
[BlackElo "1570"]
[Result "0-1"]
1.e4 d5
2.e5 Bc8f5
3.d4 e6
4.Ng1f3 Bf8b4
5.c3 Bb4e7
6.Bf1b5 c6
7.Bb5e2 Qd8b6
8.O-O Be7d8
9.Nb1d2 Ng8e7
10.Nd2b3 Nb8d7
11.a4 Ne7g6
12.a5 Qb6c7
13.a6 f6
14.exf6 Nd7xf6
15.axb7 Qc7xb7
16.Nb3c5 Qb7e7
17.Qd1a4 Qe7c7
18.Nc5a6 Qc7c8
19.Qa4b4 Bd8e7
20.Qb4b3 O-O
21.Bc1g5 h6
22.Bg5xf6 Be7xf6
23.Na6c5 Qc8c7
24.Be2d3 Bf5g4
25.Nc5xe6 Bg4xe6
26.Bd3xg6 Bf6e7
27.Nf3e5 Be7d6
28.f4 Be6f5
29.Bg6xf5 Rf8xf5
30.g3 Bd6xe5
31.fxe5 Ra8b8
32.Qb3c2 Rf5xf1
33.Ra1xf1 Qc7d7
34.Rf1e1 Qd7e6
35.Qc2a4 Rb8xb2
36.Qa4xa7 Qe6h3
37.Qa7a8 Kh7
38.Qa8f8 Qh3g2
0-1

[Event "Coupe Niveau 1"]
[Site "www.echecsemail.com"]
[Date "2026.02.03"]
[Round "1"]
[White "Jlr"]
[Black "4x4"]
[WhiteElo "1410"]
[BlackElo "1440"]
[Result "1-0"]
1.e4 e5
2.Ng1f3 d6
3.h3 Nb8d7
4.Bf1c4 Nd7c5
5.d3 c6
6.Bc1g5 f6
7.Bg5d2 Bc8d7
8.b4 Nc5e6
9.Bc4xe6 Bd7xe6
10.c4 Qd8d7
11.Nb1c3 O-O-O
12.Bd2e3 Ng8e7
13.b5 c5
14.Qd1a4 b6
15.Qa4a6 Qd7b7
16.Qa6xb7 Kxb7
17.g4 h6
18.Kd2 g5
19.a4 Ne7g6
20.a5 Ng6f4
21.a6 Kb8
22.Nc3a4 Nf4g2
23.Ke2 Ng2xe3
24.fxe3 h5
25.Ra1g1 h4
26.Nf3h2 Bf8e7
27.Nh2f3 Rd8c8
28.Nf3d2 f5
29.gxf5 Be6f7
30.Nd2f3 Bf7h5
31.Kf2 Bh5xf3
32.Rh1h2 Rc8g8
33.Kxf3 Be7f6
34.Kg4 d5
35.exd5 e4
36.dxe4 Rg8e8
37.Rh2e2 Re8xe4
38.Kf3 Re4xc4
39.Re2a2 Rh8e8
40.d6 Re8d8
41.Rg1d1 Bf6e5
42.d7 Kc7
43.Rd1d5 Rd8xd7
44.Rd5xe5 Rd7d3
45.f6 Rc4f4
46.Ke2 Rd3d7
47.exf4 Rd7f7
48.Re5e6 Rf7d7
49.fxg5 Rd7d4
50.g6 Rd4f4
51.g7 Kd7
52.g8Q Rf4b4
53.Ra2d2 Kc7
54.Re6e7 1-0

[Event "ZGOUGOU"]
[Site "www.echecsemail.com"]
[Date "2026.02.03"]
[Round "1"]
[White "Youliyouli"]
[Black "Mindthegap"]
[WhiteElo "1870"]
[BlackElo "1440"]
[Result "1-0"]
1.e4 e5
2.Ng1f3 Nb8c6
3.Nb1c3 Ng8f6
4.Bf1c4 Nf6xe4
5.d3 Ne4xc3
6.bxc3 Bf8e7
7.d4 O-O
8.d5 Nc6a5
9.Bc4b3 Na5xb3
10.cxb3 d6
11.O-O Rf8e8
12.Rf1e1 b6
13.h3 c5
14.c4 Be7f6
15.Bc1b2 Bc8f5
16.g4 Bf5g6
17.Qd1c1 e4
18.Bb2xf6 gxf6
19.Nf3d2 f5
20.Nd2f1 fxg4
21.hxg4 e3
22.Re1xe3 Kf8
23.f4 Qd8h4
24.Nf1h2 Qh4h6
25.Re3xe8 Ra8xe8
26.f5 Qh6xc1
27.Ra1xc1 Ke7
28.fxg6 Re8g8
29.gxh7 { abandon }1-0

[Event "Défi"]
[Site "www.echecsemail.com"]
[Date "2026.02.03"]
[Round "1"]
[White "Wall"]
[Black "Turbo"]
[WhiteElo "1200"]
[BlackElo "1370"]
[Result "1-0"]
1.e4 e5
2.Ng1f3 Nb8c6
3.Bf1b5 h6
4.c3 Ng8f6
5.d3 Bf8c5
6.h3 a6
7.Bb5a4 b5
8.Ba4b3 O-O
9.O-O a5
10.Nb1d2 a4
11.Bb3c2 Bc5a7
12.Nf3h2 Nc6e7
13.Nd2f3 d6
14.d4 exd4
15.cxd4 Bc8b7
16.e5 Nf6d5
17.Qd1d3 g6
18.Qd3xb5 Bb7a6
19.Qb5xa4 Qd8c8
20.Rf1e1 Nd5b6
21.Qa4b3 d5
22.Bc1xh6 Rf8d8
23.Bh6g5 Rd8e8
24.Nh2g4 Ne7f5
25.Ng4f6 Kg7
26.Nf6xe8 Qc8xe8
27.Bg5f6 Kg8
28.Bc2xf5 gxf5
29.Nf3h4 c6
30.Qb3g3 { abandon }1-0

[Event "Défi"]
[Site "www.echecsemail.com"]
[Date "2026.02.03"]
[Round "1"]
[White "Neddy"]
[Black "Jm29"]
[WhiteElo "1420"]
[BlackElo "1510"]
[Result "0-1"]
1.e4 e5
2.Ng1f3 d6
3.d4 Bc8g4
4.Bf1e2 Bg4xf3
5.Be2xf3 Nb8c6
6.Bc1e3 Ng8f6
7.O-O h6
8.d5 Nc6b8
9.Nb1c3 Bf8e7
10.Nc3b5 O-O
11.Nb5xa7 c6
12.dxc6 Nb8xc6
13.Na7b5 Ra8b8
14.a4 Nc6a5
15.Bf3e2 Nf6xe4
16.g3 Na5c6
17.Qd1d3 Ne4f6
18.c3 e4
19.Qd3c2 d5
20.a5 Nc6xa5
21.b4 Na5c6
22.Be3f4 Rb8a8
23.Bf4c7 Qd8e8
24.Bc7b6 Ra8xa1
25.Rf1xa1 Be7d8
26.Ra1a8 Bd8xb6
27.Ra8xe8 Rf8xe8
28.Nb5d6 Re8e7
29.b5 Nc6e5
30.Kg2 e3
31.fxe3 Bb6xe3
32.c4 dxc4
33.Nd6xc4 Be3g5
34.Qc2d1 Ne5xc4
35.Qd1d8 Nf6e8
36.Be2xc4 Re7e2
37.Bc4xe2 Bg5xd8
38.h4 Ne8d6
39.Kf3 f5
40.h5 b6
41.Kf4 Bd8c7
42.Ke5 Nd6xb5
43.Kxf5 Nb5d4
{ abandon }0-1

[Event "Défi"]
[Site "www.echecsemail.com"]
[Date "2026.02.03"]
[Round "1"]
[White "Solnic"]
[Black "Mc2108"]
[WhiteElo "1280"]
[BlackElo "1290"]
[Result "0-1"]
1.e4 e5
2.Ng1f3 Nb8c6
3.a3 Ng8f6
4.Nf3g5 h6
5.Ng5f3 Nf6xe4
6.Qd1e2 d5
7.d3 Ne4c5
8.b4 Nc5e6
9.Nb1c3 d4
10.Nc3a4 Bf8d6
11.b5 Nc6e7
12.h3 Ne6f4
13.Qe2e4 Ne7g6
14.Bc1xf4 Ng6xf4
15.g3 Nf4e6
16.Nf3xe5 O-O
17.Bf1e2 f6
18.Ne5g6 Rf8e8
19.O-O Ne6g5
20.Qe4d5 Kh7
21.Be2h5 Bc8xh3
22.Rf1b1 Re8e2
23.Bh5xe2 Kxg6
24.f4 Ng5f7
25.Be2h5 Kh7
26.Qd5xf7 Qd8g8
27.Qf7g6 Kh8
28.Kf2 c6
29.b6 a6
30.Rb1h1 Bh3d7
31.Na4b2 Bd7e8
32.Qg6g4 Be8xh5
33.Qg4d7 Qg8f8
34.Rh1xh5 a5
35.Nb2c4 Bd6c5
36.Nc4d2 Bc5xb6
37.Qd7xb7 Ra8e8
38.Qb7xb6 Qf8e7
39.Nd2e4 Re8a8
40.Qb6xc6 f5
41.Qc6xa8 Kh7
42.Ne4g5 Kg6
43.g4 fxg4
44.Ra1h1 Qe7e3
45.Kf1 g3
46.Qa8c6 Kf5
47.Qc6e4 Kf6
48.Ng5h7 Kf7
49.Qe4f5 Kg8
50.Nh7f6 gxf6
51.Qf5g6 Kf8
52.Qg6xh6 Ke7
53.Qh6g7 Kd6
54.Qg7xf6 Kd7
55.Rh5d5 Kc7
56.Rh1h7 Kc8
57.Rd5e5 Qe3f2
0-1

[Event "Tournoi n27401"]
[Site "www.echecsemail.com"]
[Date "2026.02.03"]
[Round "1"]
[White "Emmanuel"]
[Black "Kiki24"]
[WhiteElo "1950"]
[BlackElo "1870"]
[Result "1-0"]
1.b3 Ng8f6
2.Bc1b2 e6
3.e3 b6
4.Bf1b5 a6
5.Bb5e2 Bc8b7
6.Ng1f3 Bf8e7
7.O-O O-O
8.c4 c5
9.d3 Nb8c6
10.Nf3e5 d6
11.Ne5g4 h6
12.Nb1d2 Nf6xg4
13.Be2xg4 Be7f6
14.Ra1b1 Nc6e5
15.Bg4e2 d5
16.d4 cxd4
17.exd4 Ne5d7
18.Nd2f3 dxc4
19.Be2xc4 b5
20.Bc4d3 Ra8c8
21.Qd1e2 Nd7b6
22.Nf3e5 Nb6d5
23.Qe2e4 g6
24.Ne5xg6 fxg6
25.Qe4xg6 Bf6g7
26.Qg6h7 Kf7
27.Bd3g6 Kf6
28.Bg6h5 Rf8g8
29.Qh7g6 Ke7
30.Rb1e1 Nd5f4
31.Qg6f7 Kd6
32.Qf7xf4 Ke7
33.Bb2a3 { abandon }1-0

[Event "Tournoi n27398"]
[Site "www.echecsemail.com"]
[Date "2026.02.03"]
[Round "1"]
[White "Mokanne"]
[Black "Aramis"]
[WhiteElo "1420"]
[BlackElo "1580"]
[Result "1/2-1/2"]
1.e4 e5
2.b3 d6
3.h3 Ng8f6
4.d3 Bf8e7
5.Bf1e2 O-O
6.Nb1c3 c6
7.Be2g4 Bc8xg4
8.hxg4 Nb8a6
9.a3 Na6c5
10.Bc1e3 Nf6d7
11.f3 b6
12.Be3xc5 Nd7xc5
13.g3 Be7g5
14.Qd1e2 g6
15.Qe2h2 h6
16.Ng1e2 Nc5e6
17.Nc3b1 Qd8f6
18.Nb1d2 Qf6g7
19.Qh2f2 c5
20.Nd2c4 Rf8d8
21.Ra1b1 Ne6d4
22.Ne2xd4 cxd4
23.Nc4d2 Bg5e3
24.Qf2e2 Ra8c8
25.Nd2c4 Be3g5
26.Rb1b2 Rc8c5
27.Nc4d2 a5
28.Rh1f1 b5
29.Qe2d1 h5
30.Qd1c1 h4
31.Rf1g1 hxg3
32.Rg1xg3 Bg5f4
33.Rg3g2 f6
34.Qc1d1 Kf7
35.Nd2f1 Rd8h8
36.Qd1e2 Rc5c8
37.Qe2f2 Rc8c7
38.Qf2e2 Qg7h6
39.Kd1 b4
40.a4 Qh6f8
41.Nf1d2 Qf8a8
42.Qe2e1 d5
43.Kc1 dxe4
44.fxe4 Qa8f8
45.Kb1 g5
46.Nd2c4 Qf8c5
47.Qe1f1 Ke6
48.Ka2 Rh8h7
49.Rb2b1 Rh7h4
50.Qf1f3 Rc7h7
51.Rb1e1 Rh7h6
52.Rg2g1 Rh4h3
53.Qf3e2 Rh3h4
54.Qe2g2 Rh6h7
55.Rg1h1 Qc5c7
56.Rh1xh4 Rh7xh4
57.Kb2 Kf7
58.Re1h1 Ke6
59.Rh1xh4 gxh4
60.Qg2h3 Bf4g5
61.Kb1 Ke7
62.Nc4b2 Qc7c3
63.Nb2c4 Qc3e1
64.Kb2 Qe1c3
65.Kb1 Qc3e1
66.Kb2 Qe1c3
67.Kb1 1/2-1/2

[Event "FARSCHWILLER"]
[Site "www.echecsemail.com"]
[Date "2026.02.03"]
[Round "1"]
[White "Katastrofic"]
[Black "4x4"]
[WhiteElo "1460"]
[BlackElo "1490"]
[Result "1-0"]
1.e4 e5
2.Ng1f3 Ng8f6
3.Nf3xe5 d6
4.Ne5f3 Nf6xe4
5.d4 d5
6.Bf1d3 Bf8e7
7.O-O O-O
8.Bd3xe4 dxe4
9.Nf3e1 f5
10.c3 g6
11.f3 Bc8e6
12.f4 Be6c4
13.Rf1f2 b5
14.Bc1e3 Nb8d7
15.b3 Bc4d5
16.Nb1d2 c5
17.c4 bxc4
18.bxc4 Bd5c6
19.d5 Bc6b7
20.Nd2b3 Be7f6
21.Ra1c1 a5
22.Nb3xc5 Nd7xc5
23.Be3xc5 Rf8e8
24.Rc1b1 Bb7a6
25.Rb1c1 Qd8c7
26.Bc5d4 Bf6xd4
27.Qd1xd4 Ra8b8
28.d6 Qc7d7
29.c5 Rb8b4
30.Qd4d5 Qd7e6
31.Qd5xe6 Re8xe6
32.Rf2d2 Re6e8
33.d7 Re8d8
34.c6 Ba6d3
35.c7 Rd8xd7
36.c8Q Kg7
37.Qc8xd7 Kh6
38.Ne1xd3 exd3
39.Rd2xd3 Rb4xf4
40.Rd3h3 Kg5
41.Qd7e7 Kg4
42.Rh3h4 1-0

[Event "2801"]
[Site "www.echecsemail.com"]
[Date "2026.02.03"]
[Round "1"]
[White "Katastrofic"]
[Black "4x4"]
[WhiteElo "1460"]
[BlackElo "1490"]
[Result "1-0"]
1.e4 e5
2.Bf1c4 d6
3.h3 Bc8e6
4.Bc4xe6 fxe6
5.c4 Nb8c6
6.d3 Qd8f6
7.Bc1d2 a6
8.Ng1f3 O-O-O
9.b4 Nc6d4
10.Nf3xd4 exd4
11.O-O e5
12.Qd1g4 Kb8
13.Bd2g5 Qf6g6
14.Bg5xd8 Qg6xg4
15.hxg4 Ng8f6
16.Bd8xf6 gxf6
17.f4 c5
18.fxe5 fxe5
19.a3 b6
20.Nb1d2 cxb4
21.axb4 Bf8g7
22.Rf1f7 Bg7h6
23.Nd2f3 Bh6e3
24.Kf1 Rh8g8
25.g5 Be3xg5
26.Nf3xg5 Rg8xg5
27.Ra1xa6 Rg5g3
28.Ra6xb6 Kc8
29.Rb6xd6 Rg3xd3
30.Rd6h6 Rd3c3
31.Rh6xh7 Rc3c1
32.Kf2 Rc1c2
33.Kg3 Rc2c3
34.Kh2 Rc3xc4
35.Rh7h8 1-0

[Event "CHATURANGA"]
[Site "www.echecsemail.com"]
[Date "2026.02.03"]
[Round "1"]
[White "Legrillon"]
[Black "Woluwe1975"]
[WhiteElo "1780"]
[BlackElo "1640"]
[Result "1-0"]
1.e4 e5
2.Ng1f3 Ng8f6
3.Bf1c4 d5
4.exd5 Bf8d6
5.h3 e4
6.Nf3d4 Bc8d7
7.O-O O-O
8.d3 Rf8e8
9.Bc1e3 a6
10.Nb1c3 b5
11.Bc4b3 Qd8e7
12.dxe4 Nf6xe4
13.Nc3xe4 Qe7xe4
14.Rf1e1 Qe4g6
15.Qd1f3 h5
16.Ra1d1 Kh8
17.Be3f4 Re8xe1
18.Rd1xe1 Bd6xf4
19.Qf3xf4 Bd7xh3
20.Qf4g3 Qg6xg3
21.fxg3 Bh3g4
22.c4 Nb8d7
23.cxb5 axb5
24.Nd4xb5 Nd7c5
25.Nb5xc7 Ra8b8
26.Re1e8 Rb8xe8
27.Nc7xe8 Nc5xb3
28.axb3 Kg8
29.Ne8d6 Bg4d1
30.b4 Bd1b3
31.b5 Bb3xd5
32.b6 Kf8
33.b7 Bd5xb7
34.Nd6xb7 Ke7
35.Kf2 Kd7
36.b4 Kc7
37.Nb7a5 Kb6
38.Na5c4 Kb5
39.Nc4d6 Kxb4
40.Nd6xf7 Kc4
41.Kf3 Kd5
42.Kf4 Ke6
43.Nf7g5 Kf6
44.Ng5f3 g6
45.g4 hxg4
46.Kxg4 Ke6
47.Kg5 Kf7
48.Nf3h4 Kg7
49.Nh4xg6 Kg8
50.g4 Kg7
51.Kh5 Kh7
52.g5 Kg7
53.Ng6f4 Kh7
54.g6 Kg7
55.Kg5 Kf8
56.Kh6 Kg8
57.g7 Kf7
58.Kh7 { abandon }1-0